000 00457pab a2200169 454500
008 180718b1976 xxu||||| |||| 00| 0 eng d
100 _aSadasivan, S.N.
245 _aPolitics and district administration in India
260 _c1976
300 _ap.453-464.
362 _aJul-Sep
650 _aDistrict administration - India
650 _aDistrict administration
773 _aIndian Journal of Public Administration
908 _aN
909 _a88166
999 _c88166
_d88166